|
|
|
|
| LEADER |
00000nam0a2200000 4500 |
| 001 |
291232 |
| 005 |
20231102000351.0 |
| 020 |
|
|
|a RU
|b 83-84965
|
| 035 |
|
|
|a (RuTPU)RU\TPU\book\315797
|
| 090 |
|
|
|a 291232
|
| 100 |
|
|
|a 20150413d1983 km y0rusy5003 ca
|
| 101 |
0 |
|
|a rus
|
| 102 |
|
|
|a RU
|
| 105 |
|
|
|a a z 000zy
|
| 200 |
1 |
|
|a Сборник инструкций и рекомендаций по технике безопасности для строителей объектов нефтяной и газовой промышленности
|f сост. Г. И. Карташев
|
| 210 |
|
|
|a Москва
|c Недра
|d 1983
|
| 215 |
|
|
|a 190 с.
|c ил.
|
| 606 |
1 |
|
|a Нефтегазовая промышленость
|x Строительство объектов
|x Охрана окружающей среды
|2 stltpush
|3 (RuTPU)RU\TPU\subj\45555
|9 64752
|
| 610 |
1 |
|
|a строительные объекты
|
| 610 |
1 |
|
|a техника безопасности
|
| 610 |
1 |
|
|a инструкции
|
| 610 |
1 |
|
|a рекомендации
|
| 610 |
1 |
|
|a профессии
|
| 610 |
1 |
|
|a работы
|
| 610 |
1 |
|
|a охрана труда
|
| 675 |
|
|
|a 622.323.012:69
|z rus
|v 3
|
| 702 |
|
1 |
|a Карташев
|b Г. И.
|4 220
|
| 801 |
|
0 |
|a RU
|b RuMRKP
|c 19950704
|g psbo
|
| 801 |
|
1 |
|a RU
|b 63413507
|c 20150413
|
| 801 |
|
2 |
|a RU
|b 63413507
|c 20180507
|g RCR
|
| 942 |
|
|
|c BK
|